[Event "Year end 2008 MT"]
[Site "SchemingMind.com"]
[Date "2008.12.21"]
[Round "-"]
[White "dmichael"]
[Black "Peacemaker"]
[Result "1-0"]
[WhiteCountry "USA"]
[BlackCountry "GER"]
[WhiteElo "2434"]
[WhiteRD "83"]
[BlackElo "2375"]
[BlackRD "73"]
[GameID "184445"]

1. d4 Nf6 2. c4 g6 3. Nc3 Bg7 4. e4 d6 5. Nf3 O-O 6. Be2 e5 7. Be3 Ng4 8. Bg5 f6 9. Bh4 Nc6 10. d5 Ne7
11. Nd2 Nh6 12. f3 c5 13. Rb1 g5 14. Bf2 f5 15. b4 b6 16. bxc5 bxc5 17. O-O Ng6 18. g3 f4 19. g4 Bd7 20. Qc2 Nh4
21. Rb2 Nxf3+ 22. Bxf3 Nxg4 23. Bxg4 Qe8 24. Qd1
1-0

[Event "Year end 2008 MT"]
[Site "SchemingMind.com"]
[Date "2008.12.21"]
[Round "-"]
[White "Peacemaker"]
[Black "dmichael"]
[Result "1/2-1/2"]
[WhiteCountry "GER"]
[BlackCountry "USA"]
[WhiteElo "2375"]
[WhiteRD "73"]
[BlackElo "2434"]
[BlackRD "83"]
[GameID "184446"]

1. d4 Nf6 2. c4 g6 3. Nc3 d5 4. cxd5 Nxd5 5. e4 Nxc3 6. bxc3 Bg7 7. Nf3 c5 8. Rb1 O-O 9. Be2 cxd4 10. cxd4 Qa5+
11. Bd2 Qxa2 12. O-O b6 13. Qc1 Bb7 14. Bc4 Qa4 15. Bb5 Qa2 16. Bc4 Qa4 17. Bb5 Qa2 18. Bc4 Qa4=
1/2-1/2

[Event "Year end 2008 MT"]
[Site "SchemingMind.com"]
[Date "2008.12.26"]
[Round "-"]
[White "Pershemia1"]
[Black "dmichael"]
[Result "1/2-1/2"]
[WhiteCountry "SWE"]
[BlackCountry "USA"]
[WhiteElo "2365"]
[WhiteRD "95"]
[BlackElo "2465"]
[BlackRD "94"]
[GameID "184595"]

1. d4 Nf6 2. c4 g6 3. Nf3 Bg7 4. g3 d5 5. cxd5 Nxd5 6. Bg2 Nb6 7. Nc3 Nc6 8. e3 O-O 9. O-O Re8 10. d5 Na5
11. Nd4 Bd7 12. a4 Rc8 13. Nb3 Nbc4 14. Nc5 c6 15. Nxd7 Qxd7 16. dxc6 Qxd1 17. Rxd1 bxc6 18. Rb1 Rb8 19. Be4 Nd6 20. Bd2 Rb6
21. Bg2 Nac4 22. Ne4 Bxb2 23. Bc1 Reb8 24. Nxd6 exd6 25. Bf1 d5 26. Bxc4 dxc4 27. a5 Rb3 28. Rxb2 Rxb2 29. Bxb2 Rxb2 30. Rd8+ Kg7
31. Rc8 Ra2 32. Rxc6 Rxa5 33. Rxc4=
1/2-1/2

[Event "Year end 2008 MT"]
[Site "SchemingMind.com"]
[Date "2008.12.26"]
[Round "-"]
[White "Pershemia1"]
[Black "Peacemaker"]
[Result "1/2-1/2"]
[WhiteCountry "SWE"]
[BlackCountry "GER"]
[WhiteElo "2397"]
[WhiteRD "98"]
[BlackElo "2500"]
[BlackRD "73"]
[GameID "184596"]

1. d4 Nf6 2. c4 g6 3. Nc3 Bg7 4. e4 d6 5. Nf3 O-O 6. Be2 e5 7. O-O Nc6 8. d5 Ne7 9. Ne1 Nd7 10. Bd2 f5
11. Rc1 Nf6 12. f3 c5 13. a3 a6 14. b4 cxb4 15. axb4 fxe4 16. fxe4 b5 17. cxb5 Qb6+ 18. Kh1 axb5 19. Nc2 Bd7 20. Be3 Qb8
21. Qe1 Kh8 22. Qh4 Neg8 23. Bd2 Rc8 24. Ne1 h6 25. h3 Qb6 26. Nc2 Kh7 27. Ra1 Rxa1 28. Rxa1 Nh5 29. Kh2 Bf6 30. Qe1 Bg5=
31. Bxg5 hxg5 32. Na3 Ngf6 33. Bxb5=
1/2-1/2

[Event "Year end 2008 MT"]
[Site "SchemingMind.com"]
[Date "2008.12.26"]
[Round "-"]
[White "dmichael"]
[Black "Pershemia1"]
[Result "1-0"]
[WhiteCountry "USA"]
[BlackCountry "SWE"]
[WhiteElo "2480"]
[WhiteRD "98"]
[BlackElo "2384"]
[BlackRD "98"]
[GameID "184597"]

1. d4 Nf6 2. c4 g6 3. Nf3 Bg7 4. g3 O-O 5. Bg2 Nc6 6. O-O a6 7. Nc3 Rb8 8. d5 Na5 9. c5 b5 10. cxb6 cxb6
11. Bf4 d6 12. Nd4 Bd7 13. b4 Nc4 14. Nc6 Bxc6 15. dxc6 b5 16. a4 Qb6 17. Rc1 Rbd8 18. Nd5 Nxd5 19. Bxd5 Rc8 20. a5 Qb8
21. Bxc4 bxc4 22. Rxc4 Qb5 23. Qc2 Rc7 24. Be3 Rfc8 25. Rc1 d5 26. Rc5 Qxb4 27. Rb1 Qg4 28. Rxd5 Qe6 29. Rc5 Be5 30. Rb6 Bd6
31. Rc4 Qd5 32. Bd2 e5 33. e4 Qe6 34. Rxa6 h5 35. h4 f5 36. exf5 gxf5 37. Rb6 e4 38. a6 Ra8 39. Be3 Qf7 40. Ra4 f4
41. Bxf4 Bxf4 42. gxf4 Qg6+ 43. Kf1 Rg7 44. Qxe4 Qg1+ 45. Ke2 Qg4+ 46. Kd3 Rd8+ 47. Kc3 Qd1 48. Rb7 Qd2+ 49. Kc4
1-0

[Event "Year end 2008 MT"]
[Site "SchemingMind.com"]
[Date "2008.12.26"]
[Round "-"]
[White "Peacemaker"]
[Black "Pershemia1"]
[Result "0-1"]
[WhiteCountry "GER"]
[BlackCountry "SWE"]
[WhiteElo "2459"]
[WhiteRD "79"]
[BlackElo "2403"]
[BlackRD "96"]
[GameID "184598"]

1. d4 Nf6 2. c4 g6 3. Nc3 Bg7 4. e4 d6 5. Nf3 O-O 6. Be2 e5 7. O-O Nc6 8. d5 Ne7 9. Ne1 Nd7 10. Be3 f5
11. f3 f4 12. Bf2 g5 13. a4 a5 14. Nd3 b6 15. b4 axb4 16. Nxb4 Nf6 17. Nd3 h5 18. Nb5 g4 19. Qb3 Ng6 20. Nb4 Ne8
21. Ra2 Qg5 22. Rfa1 Bd7 23. Nc6 Rf7 24. a5 bxa5 25. Nxa5 Rxa5 26. Rxa5 g3 27. Ba7 Qh4 28. h3 Bxh3 29. Kf1 Bxg2+ 30. Ke1= Qg5
31. Kd2 h4 32. Rg1 Bh3 33. c5 Bc8 34. Nxd6= Nxd6 35. cxd6 cxd6 36. Qb8 Rf8 37. Qxd6 h3
0-1

[Event "Year end 2008 MT"]
[Site "SchemingMind.com"]
[Date "2008.12.27"]
[Round "-"]
[White "joopsim"]
[Black "dmichael"]
[Result "1/2-1/2"]
[WhiteCountry "NED"]
[BlackCountry "USA"]
[WhiteElo "2403"]
[WhiteRD "90"]
[BlackElo "2447"]
[BlackRD "83"]
[GameID "185219"]

1. d4 Nf6 2. c4 g6 3. Nc3 d5 4. Bf4 Bg7 5. Nf3 O-O 6. Rc1 dxc4 7. e4 Bg4 8. Bxc4 Nh5 9. Be3 Bxf3 10. gxf3 e5
11. dxe5 Bxe5 12. Qxd8 Rxd8 13. Ne2 Nc6 14. O-O Bxb2 15. Rb1 Na5 16. Bd5 c6 17. Bxc6 Nxc6 18. Rxb2 b6 19. Kg2 Ne5 20. Rc2 Rd7
21. Nd4 f6 22. h4 Kf7 23. Rfc1 Re8 24. Rc7 Ree7 25. Rxd7 Rxd7 26. Rc8 Nd3 27. Rh8 Kg7 28. Ra8 Kf7 29. a4 Ne5 30. Nb5 Nc6
31. f4 Ng7 32. Kf3 Ne6 33. Rc8 Ne7 34. Rc4 a6 35. Nd4 b5 36. axb5 Nxd4+ 37. Rxd4 Rxd4 38. Bxd4 axb5 39. Ke3 Nc6 40. Bc5 Ke6
41. Kd3 Na5=
1/2-1/2

[Event "Year end 2008 MT"]
[Site "SchemingMind.com"]
[Date "2008.12.31"]
[Round "-"]
[White "joopsim"]
[Black "Pershemia1"]
[Result "1-0"]
[WhiteCountry "NED"]
[BlackCountry "SWE"]
[WhiteElo "2399"]
[WhiteRD "85"]
[BlackElo "2365"]
[BlackRD "95"]
[GameID "185220"]

1. d4 Nf6 2. c4 g6 3. Nc3 d5 4. Bf4 Bg7 5. Nf3 O-O 6. Rc1 dxc4 7. e4 c5 8. dxc5 Qa5 9. e5 Rd8 10. Bd2 Ng4
11. Bxc4 Nc6 12. Nb5 Rxd2 13. Qxd2 Qxd2+ 14. Nxd2 Ngxe5 15. f4 Nxc4 16. Nxc4 Bf5 17. Kf2 Rd8 18. Rhd1 Rxd1 19. Rxd1 a6 20. Nc7 Bd4+
21. Kf3 Bxc5 22. g4 Bc2 23. Rd5 Bg1 24. b3 f5 25. gxf5 gxf5 26. Kg2 Ba7 27. Rd7 Be4+ 28. Kg3 h6 29. Nd5 Bc5 30. Nc3 b6
31. Nxe4 fxe4 32. f5 e3 33. Kf3 Kf7 34. Rb7 Kf6 35. Nxe3 Ke5 36. Nc4+ Kxf5 37. Nxb6 e5 38. Nc4 e4+ 39. Kg2 e3 40. Kf1 Nd8
41. Rd7 Ne6 42. b4 Bxb4 43. Nxe3+ Ke4 44. Ng4 Bf8 45. Rf7 Kd5 46. h4 Bg7 47. Ne3+ Ke5 48. Ra7 Ke4 49. Rxa6 Nc5 50. Rg6 Bb2
51. Ng4 h5 52. Rg5
1-0

[Event "Year end 2008 MT"]
[Site "SchemingMind.com"]
[Date "2008.12.26"]
[Round "-"]
[White "joopsim"]
[Black "Peacemaker"]
[Result "0-1"]
[WhiteCountry "NED"]
[BlackCountry "GER"]
[WhiteElo "2403"]
[WhiteRD "90"]
[BlackElo "2435"]
[BlackRD "69"]
[GameID "185221"]

1. d4 Nf6 2. c4 g6 3. Nc3 Bg7 4. e4 d6 5. Be2 O-O 6. h4 c5 7. d5 h5 8. Bg5 a6 9. a4 Re8 10. Nh3 Nh7
11. Be3 e6 12. Ng5 exd5 13. Nxd5 Nf6 14. O-O Nc6 15. f4 Nxe4 16. f5 Bxf5 17. Rxf5 gxf5 18. Bxh5 Rf8 19. Qd3 Qe8 20. Nc7 Nb4
21. Qe2 Ng3 22. Qf3 Qxe3+ 23. Qxe3 Bd4 24. Qxd4 cxd4 25. Nxa8 Nxh5 26. Nb6 Re8 27. Rd1 d3 28. Nd5 Nxd5 29. cxd5 Re3 30. Nh3 Kg7
31. Nf2 Re2 32. Nxd3 Re4 33. Rf1 Rxh4 34. b3 Rd4 35. Rf3 Nf6 36. Nb2 Rxd5 37. Nc4 Ng4 38. Ne3 Nxe3 39. Rxe3 Rd1+ 40. Kf2 Kf6
41. Ke2 Rd4 42. Rh3 f4 43. Rh8 f3+
0-1

[Event "Year end 2008 MT"]
[Site "SchemingMind.com"]
[Date "2008.12.27"]
[Round "-"]
[White "dmichael"]
[Black "joopsim"]
[Result "1/2-1/2"]
[WhiteCountry "USA"]
[BlackCountry "NED"]
[WhiteElo "2447"]
[WhiteRD "83"]
[BlackElo "2403"]
[BlackRD "90"]
[GameID "185222"]

1. d4 Nf6 2. c4 g6 3. Nf3 d6 4. Nc3 Bg7 5. e4 O-O 6. Be2 e5 7. O-O Nc6 8. d5 Ne7 9. Ne1 Ne8 10. Be3 f5
11. f3 f4 12. Bf2 h5 13. c5 g5 14. a4 Ng6 15. a5 Kh8 16. a6 b6 17. b4 Nf6 18. Bb5 Ne7 19. Nd3 g4 20. Nb2 gxf3
21. Qxf3 Bg4 22. Qd3 f3 23. gxf3 Bh3 24. Be3 Bxf1 25. Rxf1 h4 26. Nc4 dxc5 27. bxc5 c6 28. Nxe5 cxb5 29. d6 Nfg8 30. dxe7 Nxe7
31. Nd7 Rf7 32. cxb6 axb6 33. e5 Nd5 34. Qxd5 Rxd7 35. Qe4 Rxa6 36. e6 Bxc3 37. exd7 Qxd7 38. Qxh4+ Qh7 39. Bd4+ Bxd4+ 40. Qxd4+ Qg7+
41. Qxg7+ Kxg7 42. Rb1 Ra5 43. Kf2 Kf6 44. Rb4 Ke6 45. h4 Ra4 46. Rxb5=
1/2-1/2

[Event "Year end 2008 MT"]
[Site "SchemingMind.com"]
[Date "2008.12.31"]
[Round "-"]
[White "Pershemia1"]
[Black "joopsim"]
[Result "1/2-1/2"]
[WhiteCountry "SWE"]
[BlackCountry "NED"]
[WhiteElo "2388"]
[WhiteRD "96"]
[BlackElo "2439"]
[BlackRD "90"]
[GameID "185223"]

1. d4 Nf6 2. c4 g6 3. Nf3 d6 4. Nc3 Bg7 5. e4 O-O 6. Be2 e5 7. O-O Nc6 8. d5 Ne7 9. b4 c6 10. a4 a5
11. bxa5 Qxa5 12. Ra3 c5 13. Ne1 Ne8 14. Bd2 f5 15. exf5 Nxf5 16. Nf3 Nd4 17. Nxd4 cxd4 18. Ne4 Qc7 19. a5 Bf5 20. f3 Nf6
21. Nxf6+ Bxf6 22. Qb3 Rf7 23. Bd3 Qe7=
1/2-1/2

[Event "Year end 2008 MT"]
[Site "SchemingMind.com"]
[Date "2008.12.26"]
[Round "-"]
[White "Peacemaker"]
[Black "joopsim"]
[Result "1-0"]
[WhiteCountry "GER"]
[BlackCountry "NED"]
[WhiteElo "2435"]
[WhiteRD "69"]
[BlackElo "2403"]
[BlackRD "90"]
[GameID "185224"]

1. d4 Nf6 2. c4 g6 3. Nc3 d6 4. e4 Bg7 5. Nf3 O-O 6. Be2 e5 7. O-O Nc6 8. d5 Ne7 9. Ne1 Ne8 10. Be3 f5
11. f3 f4 12. Bf2 h5 13. c5 g5 14. a4 Ng6 15. Nd3 Nf6 16. Rc1 Rf7 17. Nb5 a6 18. Na3 g4 19. Nc4 h4 20. cxd6 cxd6
21. Bb6 Qf8 22. Ba5 h3 23. Bb4 hxg2 24. Rf2 Nxe4 25. fxe4 f3 26. Nxd6 fxe2 27. Qxe2 Rxf2 28. Qxf2 Nf4 29. Nxf4 exf4 30. Nxc8 Qxb4
31. Qxf4 Qxb2 32. Ne7+ Kh8 33. e5 Qb6+ 34. Kxg2 Rf8 35. Qd2 Qb3 36. Ng6+ Kg8 37. Rc3 Qxa4 38. Nxf8 Qe4+ 39. Kg1
1-0

[Event "Year end 2008 MT"]
[Site "SchemingMind.com"]
[Date "2008.12.30"]
[Round "-"]
[White "Aumonde"]
[Black "dmichael"]
[Result "0-1"]
[WhiteCountry "USA"]
[BlackCountry "USA"]
[WhiteElo "2090"]
[WhiteRD "72"]
[BlackElo "2465"]
[BlackRD "94"]
[GameID "185261"]

1. d4 Nf6 2. c4 g6 3. f3 c5 4. dxc5 Qa5+ 5. Nc3 Qxc5 6. Qb3 Bg7 7. Nb5 O-O 8. e4 Nc6 9. Be3 Qe5 10. O-O-O a6
11. Nc3 d6 12. Nd5 Rb8 13. Bf4 Qe6 14. g3 Qd7 15. Kb1 b5 16. c5 Nxd5 17. Qxd5 Bb7 18. Bh3 Qd8 19. Qd2 dxc5 20. Bxb8 Qxb8
21. Qf2 Qe5 22. Rd5 Qf6 23. Rd7 Na5 24. Qe2 Qb6 25. e5 Bc6 26. Rd2 Nc4 27. Rc2 Rd8 28. Bg2 Qa5 29. Nh3 Nd2+ 30. Kc1 Nb3+
31. Kb1 Bd5 32. Qe3 Nd4 33. Qa3 Qxa3 34. bxa3 Nxc2 35. Kxc2 Bxe5 36. Rd1 Bd4 37. Kb1 e5 38. Ng1 f5 39. Ne2 Kf7 40. Nxd4 exd4
41. Rd2 Re8 42. a4 bxa4 43. f4 Re1+ 44. Kb2 Bxg2 45. Rxg2 c4
0-1

[Event "Year end 2008 MT"]
[Site "SchemingMind.com"]
[Date "2008.12.31"]
[Round "-"]
[White "Aumonde"]
[Black "Pershemia1"]
[Result "1/2-1/2"]
[WhiteCountry "USA"]
[BlackCountry "SWE"]
[WhiteElo "2090"]
[WhiteRD "72"]
[BlackElo "2365"]
[BlackRD "95"]
[GameID "185262"]

1. d4 Nf6 2. c4 g6 3. Nc3 d5 4. cxd5 Nxd5 5. e4 Nxc3 6. bxc3 Bg7 7. Nf3 c5 8. Be3 O-O 9. Be2 Nc6 10. O-O cxd4
11. cxd4 Bg4 12. d5 Ne5 13. Nxe5 Bxe2 14. Qxe2 Bxe5 15. Rac1 Qd7 16. f4 Bg7 17. Rfd1 Rfc8 18. Rb1 b6 19. e5 Rc3 20. Rb3 Rac8
21. Rxc3 Rxc3 22. Bd4 Rc7 23. d6 Rc6 24. dxe7 Qxe7 25. Be3 h6 26. Qd3 Bf8=
1/2-1/2

[Event "Year end 2008 MT"]
[Site "SchemingMind.com"]
[Date "2008.12.31"]
[Round "-"]
[White "Aumonde"]
[Black "joopsim"]
[Result "0-1"]
[WhiteCountry "USA"]
[BlackCountry "NED"]
[WhiteElo "2025"]
[WhiteRD "70"]
[BlackElo "2439"]
[BlackRD "90"]
[GameID "185263"]

1. d4 Nf6 2. c4 g6 3. g3 Bg7 4. Bg2 O-O 5. Nc3 d6 6. Nf3 Nc6 7. O-O a6 8. d5 Na5 9. Qd3 c5 10. e4 Rb8
11. Rb1 b5 12. cxb5 c4 13. Qc2 axb5 14. Bg5 b4 15. Ne2 Bd7 16. Nfd4 Qb6 17. Rbd1 h6 18. Bd2 Ng4 19. h3 Ne5 20. Be3 Qa6
21. b3 Rfc8 22. Qd2 g5 23. f4 gxf4 24. Bxf4 c3
0-1

[Event "Year end 2008 MT"]
[Site "SchemingMind.com"]
[Date "2008.12.31"]
[Round "-"]
[White "Aumonde"]
[Black "Peacemaker"]
[Result "0-1"]
[WhiteCountry "USA"]
[BlackCountry "GER"]
[WhiteElo "2110"]
[WhiteRD "70"]
[BlackElo "2459"]
[BlackRD "79"]
[GameID "185264"]

1. d4 Nf6 2. c4 g6 3. Nf3 Bg7 4. g3 O-O 5. Bg2 d6 6. O-O Nbd7 7. Nc3 e5 8. e4 c6 9. h3 Qb6 10. c5 dxc5
11. dxe5 Ne8 12. e6 fxe6 13. Ng5 Ne5 14. f4 Nf7 15. Nxf7 Bd4+ 16. Kh2 Rxf7 17. e5 Nc7 18. Ne4 Nd5 19. a4 a5 20. Ra3 Qc7
21. Ng5 Re7 22. Nf3 b6 23. Nxd4 cxd4 24. Qxd4 Ba6 25. Rd1 Rd7 26. Qf2 c5 27. Bf3 Re8 28. Bd2 Ne7 29. Raa1 Bc4 30. Rdc1 Red8
31. Bc3 Nf5 32. Re1 Nd4 33. Bg2 Kg7 34. Kg1 Ba6 35. Kh2 Bb7 36. Rad1 Bc6 37. b3 Qb7 38. Bxc6 Qxc6 39. Bxd4 Rxd4 40. Rb1 c4
41. bxc4 Qxa4 42. Re2 Qxc4 43. Rxb6 a4 44. Rb7+ R8d7 45. Rxd7+ Rxd7
0-1

[Event "Year end 2008 MT"]
[Site "SchemingMind.com"]
[Date "2008.12.29"]
[Round "-"]
[White "dmichael"]
[Black "Aumonde"]
[Result "1-0"]
[WhiteCountry "USA"]
[BlackCountry "USA"]
[WhiteElo "2465"]
[WhiteRD "94"]
[BlackElo "2090"]
[BlackRD "72"]
[GameID "185265"]

1. d4 Nf6 2. c4 g6 3. Nc3 d5 4. Nf3 Bg7 5. Qb3 dxc4 6. Qxc4 O-O 7. e4 Na6 8. Be2 c5 9. d5 e6 10. O-O exd5
11. exd5 Bf5 12. Be3 Re8 13. Rad1 Qb6 14. d6 Be6 15. Qb5 h6 16. Nd2 Rad8 17. Nc4 Qxb5 18. Nxb5 Nd5 19. Nxa7 Nab4 20. Nb5 Nxe3
21. fxe3 Rf8 22. a4 h5 23. Rd2 Bh6 24. Kf2 f5 25. Nc7 Bf7 26. g3 Nc6 27. d7 h4 28. Rd6 Bg5 29. Rfd1 Be7 30. Rxc6 bxc6
31. Ne5 Bf6 32. Nxc6 Bxb2 33. a5 Bb3 34. Nxd8 Rxd8 35. Rb1 Be5 36. Rxb3 Bxc7 37. a6 Ra8 38. Rb5 hxg3+ 39. hxg3 Kf7 40. Rxc5
1-0

[Event "Year end 2008 MT"]
[Site "SchemingMind.com"]
[Date "2008.12.31"]
[Round "-"]
[White "Pershemia1"]
[Black "Aumonde"]
[Result "1-0"]
[WhiteCountry "SWE"]
[BlackCountry "USA"]
[WhiteElo "2403"]
[WhiteRD "96"]
[BlackElo "2110"]
[BlackRD "70"]
[GameID "185266"]

1. d4 Nf6 2. c4 g6 3. Nc3 Bg7 4. e4 d6 5. f3 O-O 6. Be3 e5 7. Nge2 Na6 8. Qd2 c6 9. O-O-O Be6 10. d5 cxd5
11. cxd5 Bd7 12. Kb1 Qa5 13. Nc1 Nc5 14. g4 Rfc8 15. Nd3 Nxd3 16. Bxd3 Rab8 17. Rc1 b5 18. h4 b4 19. Ne2 h5 20. Rxc8+ Rxc8
21. g5 Ne8 22. Nc1 Ba4 23. a3 Bb5 24. Bxb5 Qxb5 25. Qxb4 Qxb4 26. axb4 a6 27. Ka2 f6 28. Kb3 Rc7 29. Nd3 Rf7 30. Ra1 fxg5
31. Bxg5 Rxf3 32. Kc4 Nc7 33. Nc5 Bf6 34. Nxa6 Bxg5 35. hxg5 Rf7 36. Nxc7 Rxc7+ 37. Kb5 Rc8 38. Kb6 Rb8+ 39. Kc7 Rxb4 40. Kxd6 Rxe4
41. Ke7
1-0

[Event "Year end 2008 MT"]
[Site "SchemingMind.com"]
[Date "2008.12.31"]
[Round "-"]
[White "joopsim"]
[Black "Aumonde"]
[Result "1-0"]
[WhiteCountry "NED"]
[BlackCountry "USA"]
[WhiteElo "2439"]
[WhiteRD "90"]
[BlackElo "2025"]
[BlackRD "70"]
[GameID "185267"]

1. d4 Nf6 2. c4 g6 3. Nc3 d5 4. Bf4 Bg7 5. Nf3 O-O 6. Rc1 dxc4 7. e4 c5 8. dxc5 Qa5 9. e5 Rd8 10. Bd2 Ng4
11. Bxc4 Nc6 12. Bxf7+ Kxf7 13. Qb3+ Kf8 14. Nd5 Qxd2+ 15. Nxd2 Be6 16. f4 Bxd5 17. Qh3 h5 18. Qc3 g5 19. O-O gxf4 20. Rxf4+ Kg8
21. Qh3 Ngxe5 22. Qxh5 Bf7 23. Qg5 Be6 24. Rh4 Rd5 25. Qh5
1-0

[Event "Year end 2008 MT"]
[Site "SchemingMind.com"]
[Date "2008.12.31"]
[Round "-"]
[White "Peacemaker"]
[Black "Aumonde"]
[Result "1-0"]
[WhiteCountry "GER"]
[BlackCountry "USA"]
[WhiteElo "2492"]
[WhiteRD "70"]
[BlackElo "2025"]
[BlackRD "70"]
[GameID "185268"]

1. d4 Nf6 2. c4 g6 3. Nc3 Bg7 4. e4 d6 5. Nf3 O-O 6. Be2 e5 7. O-O exd4 8. Nxd4 Re8 9. f3 Nc6 10. Be3 Nxd4
11. Bxd4 c6 12. Qd2 a6 13. Rad1 Be6 14. Bf2 Bf8 15. a4 Nd7 16. f4 f5 17. exf5 Bxf5 18. g4 Be6 19. Bd4 Bf7 20. f5
1-0

[Event "Year end 2008 MT"]
[Site "SchemingMind.com"]
[Date "2009.01.03"]
[Round "-"]
[White "Apocalypse"]
[Black "dmichael"]
[Result "1-0"]
[WhiteCountry "USA"]
[BlackCountry "USA"]
[WhiteElo "2616"]
[WhiteRD "72"]
[BlackElo "2472"]
[BlackRD "90"]
[GameID "185509"]

1. d4 Nf6 2. c4 g6 3. g3 c6 4. Bg2 d5 5. cxd5 cxd5 6. Nf3 Bg7 7. O-O O-O 8. Nc3 Ne4 9. Bf4 Nxc3 10. bxc3 Nc6
11. Re1 h6 12. h4 Bf5 13. Nd2 Rc8 14. e4 dxe4 15. Nxe4 b6 16. Qd2 Kh7 17. Rad1 Qd7 18. Bf3 Bg4 19. Qe2 Bxf3 20. Qxf3 Nd8
21. Rd3 Ne6 22. Bc1 f5 23. Nd2 Nc7 24. c4 Rfd8 25. Rde3 Re8 26. d5 e5 27. h5 e4 28. hxg6+ Kxg6 29. Qe2 Bd4 30. Nb3 Bxe3
31. Qxe3 Rh8 32. Nd4 Ne8 33. f3 Nd6 34. fxe4 Nxe4 35. Qf4 Rce8 36. Kg2 h5 37. a4 Re7 38. Ba3 Rf7 39. Ne6 Qxa4 40. Qc1 Kh7
41. Rxe4 fxe4 42. Ng5+ Kg8 43. Nxf7 Qb3 44. Ng5
1-0

[Event "Year end 2008 MT"]
[Site "SchemingMind.com"]
[Date "2009.01.03"]
[Round "-"]
[White "Apocalypse"]
[Black "Pershemia1"]
[Result "1-0"]
[WhiteCountry "USA"]
[BlackCountry "SWE"]
[WhiteElo "2658"]
[WhiteRD "64"]
[BlackElo "2344"]
[BlackRD "106"]
[GameID "185510"]

1. d4 Nf6 2. c4 g6 3. Nf3 Bg7 4. Nc3 O-O 5. e4 d6 6. h3 e5 7. d5 a5 8. Bg5 Na6 9. a3 Bd7 10. Bd3 Qe8
11. O-O a4 12. Bc2 Nc5 13. Be3 Ra6 14. Ne1 Nh5 15. Nd3 Nxd3 16. Qxd3 f5 17. exf5 gxf5 18. Rae1 Qg6 19. Qd2 c5 20. dxc6 bxc6
21. f3 Be6 22. Rf2 Bxc4 23. g4 Kh8 24. Kh2 Nf4 25. Bxf4 exf4 26. Qxf4 Bg8 27. Bxf5 Qf6 28. Qg3 c5 29. Rd1 Qd8 30. Rfd2 Qb8
31. Kg2 Bb3 32. Re1 Qd8 33. Ne4 Bd4 34. Qf4 Qc7 35. Ng5 Be5 36. Qe4 h6 37. f4 Bd4 38. Ne6 Bxe6 39. Bxe6 Rb6 40. Qg6 Qg7
41. Qh5 Rbb8 42. Re4 Rf6 43. Rde2 Rxb2 44. Bd5 Rxe2+ 45. Rxe2 Rxf4 46. Re6 Bf6 47. Qe8+ Kh7 48. Rxd6 Rxg4+ 49. hxg4 Qxg4+ 50. Kf1 Qf5+
51. Ke2 Qc2+ 52. Kf3 Qf5+ 53. Ke3 Bg5+ 54. Ke2 Qc2+ 55. Kf1 Qf5+ 56. Kg1 Qb1+ 57. Kf2 Qc2+ 58. Qe2 Bh4+ 59. Ke3 Bg5+ 60. Kf3
1-0

[Event "Year end 2008 MT"]
[Site "SchemingMind.com"]
[Date "2009.01.03"]
[Round "-"]
[White "Apocalypse"]
[Black "Aumonde"]
[Result "1-0"]
[WhiteCountry "USA"]
[BlackCountry "USA"]
[WhiteElo "2541"]
[WhiteRD "69"]
[BlackElo "2110"]
[BlackRD "70"]
[GameID "185511"]

1. d4 Nf6 2. c4 g6 3. d5 Bg7 4. Nc3 c5 5. e4 d6 6. Nf3 O-O 7. h3 e6 8. Bd3 exd5 9. cxd5 b5 10. Bxb5 Nxe4
11. Nxe4 Qa5+ 12. Nfd2 Qxb5 13. Nxd6 Qd3 14. N2c4 Qxd1+ 15. Kxd1 Ba6 16. Kc2 Nd7 17. Bg5 Rfb8 18. Rad1 Nb6 19. b3 Nxc4 20. Nxc4 Bxc4
21. bxc4 Rb2+ 22. Kd3 Rxa2 23. d6 Bd4 24. Be7 Ra3+ 25. Ke4 f5+ 26. Kd5 Kf7 27. Bg5 h6 28. Bxh6 Bxf2 29. Bg5 Be3 30. Bxe3 Rxe3
31. Rhe1 Rg3 32. Kxc5 Rc8+ 33. Kd5 Rxg2 34. d7 Rd8 35. Kd6 Rb2 36. c5
1-0

[Event "Year end 2008 MT"]
[Site "SchemingMind.com"]
[Date "2009.01.03"]
[Round "-"]
[White "Apocalypse"]
[Black "joopsim"]
[Result "1-0"]
[WhiteCountry "USA"]
[BlackCountry "NED"]
[WhiteElo "2535"]
[WhiteRD "69"]
[BlackElo "2429"]
[BlackRD "91"]
[GameID "185512"]

1. d4 Nf6 2. c4 g6 3. Nc3 Bg7 4. e4 d6 5. f4 O-O 6. Be3 Ng4 7. Qd2 c5 8. dxc5 Nxe3 9. Qxe3 dxc5 10. Nf3 Bg4
11. e5 Bxf3 12. Qxf3 Nc6 13. g3 f6 14. exf6 Bxf6 15. Bg2 e5 16. Rd1 Qb6 17. O-O exf4 18. Nd5 Qxb2 19. Nxf4 Kh8 20. Qg4 Rae8
21. Nxg6+ hxg6 22. Qxg6 Ne7 23. Qh5+ Kg8 24. Qg4+ Kh8= 25. Be4 Rf7 26. Kh1 Qe5 27. Rde1 Rd8 28. Bg6 Nxg6 29. Rxe5 Nxe5 30. Qe6 Rdf8
31. Rxf6 Rxf6 32. Qxe5 b6 33. h4 Kh7 34. Kg2 Rf2+ 35. Kh3 R8f5 36. Qe4 Kh6 37. a4 Rf7 38. Qe3+ Kg6 39. Qe6+ Kh7 40. h5
1-0

[Event "Year end 2008 MT"]
[Site "SchemingMind.com"]
[Date "2009.01.03"]
[Round "-"]
[White "Apocalypse"]
[Black "Peacemaker"]
[Result "1-0"]
[WhiteCountry "USA"]
[BlackCountry "GER"]
[WhiteElo "2616"]
[WhiteRD "72"]
[BlackElo "2462"]
[BlackRD "73"]
[GameID "185513"]

1. d4 Nf6 2. c4 g6 3. Nf3 Bg7 4. g3 O-O 5. Bg2 d6 6. O-O Nbd7 7. Nc3 e5 8. h3 c6 9. e4 Qb6 10. c5 dxc5
11. dxe5 Ne8 12. e6 fxe6 13. Ng5 Ne5 14. f4 Nf7 15. Nxf7 Bd4+ 16. Kh2 Rxf7 17. e5 Nc7 18. Ne4 Nd5 19. Rb1 Qc7 20. b4 Qb6
21. a3 cxb4 22. axb4 a5 23. bxa5 Qxb1 24. Qxd4 Qb4 25. Qxb4 Nxb4 26. Bd2 Nd5 27. Rc1 Rf8 28. h4 Ra6 29. Bh3 h5= 30. Be1 Ra7
31. Kg2 Kg7 32. Kg1 Kg8 33. Rb1 Bd7 34. Nc5 Bc8 35. Kf2 Kf7 36. Bf1 Rd8 37. Ne4 Kg7 38. Bc4 Bd7 39. Nc5 Bc8 40. Ke2 Re8
41. Ne4 Re7 42. Nd6 Ra8 43. Bd2 Rd7 44. Kf3 Rb8 45. Bd3 Ne7 46. g4 hxg4+ 47. Kxg4 Nf5 48. Kg5 Kg8 49. Bb4 Rh7 50. h5 Rxh5+
51. Kxg6 Rh6+ 52. Kg5 Rh3 53. Bxf5 exf5 54. Rg1 Kh7 55. Kf6 Rh6+ 56. Ke7 Rg6 57. Rh1+ Rh6 58. Rxh6+ Kxh6 59. Kf7
1-0

[Event "Year end 2008 MT"]
[Site "SchemingMind.com"]
[Date "2009.01.03"]
[Round "-"]
[White "dmichael"]
[Black "Apocalypse"]
[Result "1/2-1/2"]
[WhiteCountry "USA"]
[BlackCountry "USA"]
[WhiteElo "2489"]
[WhiteRD "91"]
[BlackElo "2569"]
[BlackRD "66"]
[GameID "185514"]

1. d4 Nf6 2. c4 g6 3. Nc3 Bg7 4. e4 d6 5. Nf3 O-O 6. Be2 e5 7. O-O Nbd7 8. Be3 Re8 9. Qc2 exd4 10. Nxd4 Nc5
11. f3 a5 12. Rad1 b6 13. b3 Bb7 14. Ndb5 Re6 15. a3 c6 16. Nd4 Re8 17. b4 axb4 18. axb4 Ne6 19. Qd2 Nxd4 20. Bxd4 Qc7
21. Qe3 Qb8 22. Bxb6 Ra3 23. Rd3 Bc8 24. Ba5 Be6 25. Qc1 Rb3 26. Nd5 Rxd3 27. Nxf6+ Bxf6 28. Bxd3 Qa7+ 29. Kh1 Ra8 30. Be2 Kg7
31. Qd2 Qd4 32. Qxd4 Bxd4 33. Rc1 c5 34. g3 g5 35. Kg2 Kf6 36. Rc2= h5 37. h3 Ke5 38. Bd3 h4 39. g4 Ra6 40. Bf1 Bc8
41. Be2 Kf4 42. Bd3 f6 43. Be2 Bd7 44. Bd3 Be6 45. Be2 Bg8=
1/2-1/2

[Event "Year end 2008 MT"]
[Site "SchemingMind.com"]
[Date "2009.01.03"]
[Round "-"]
[White "Pershemia1"]
[Black "Apocalypse"]
[Result "1/2-1/2"]
[WhiteCountry "SWE"]
[BlackCountry "USA"]
[WhiteElo "2400"]
[WhiteRD "100"]
[BlackElo "2578"]
[BlackRD "71"]
[GameID "185515"]

1. d4 Nf6 2. c4 g6 3. Nc3 d5 4. Nf3 Bg7 5. Qb3 dxc4 6. Qxc4 O-O 7. e4 Na6 8. Be2 c5 9. d5 e6 10. O-O exd5
11. exd5 Bf5 12. Bf4 Re8 13. Rad1 Ne4 14. Nb5 Bd7 15. Nd2 Nxd2 16. Rxd2 Bxb5 17. Qxb5 Re4 18. Qxb7 Rxf4 19. Qxa6 Qg5 20. Qc6 Rf8
21. Rdd1 Bd4 22. b3 Rf5 23. Bc4 Qf4 24. Qd7 Kg7 25. Rd3 Qb8 26. Rg3 Kh8 27. Bd3 Rh5 28. Kh1 Bxf2 29. Rh3 Rxh3 30. Qxh3 Bd4
31. Qd7= f5 32. Bc4 Rd8 33. Qe7 Re8 34. Qd7 Rd8 35. Qe7 Re8 36. Qd7 Rd8
1/2-1/2